00592nam a2200157 i 4500001000700000003000900007007000300016008004100019100002400060245009200084260002900176300002100205500010500226500004400331852005900375108122ES-MaACLt|070123s1868 fr ||||1| fre d1 aSaussure, Henri de.10aObservations sur le bourdonnement électrique des montagnes / cpar Henri de Saussure. a[S.l. : bs.n., c1868?] a13 p. ; c23 cm. aAl final del texto: Tiré des Archives des Sciences de la Bibliothèque Universelle, Janvier 1868. aLegado Federico de Botella y de Hornos. aES-MaACLjB-7987(3) q. - Encuadernado con otras obras